00589nam a2200181Ia 4500952012200000999001700122003000400139005001700143008004100160040000900201082001800210100003200228245004700260260002900307300000900336650002000345942004200365 00102ddc40708ISLAMaMESbMEScISLd2019-02-20l0o297.63 HAM/Mp5483r2019-02-20 00:00:00w2019-02-20yBKzGL46R3 c22019d22019OSt20200320160402.0190216s9999||||xx |||||||||||||| ||und|| coclc a297.63bHAM/M aHamidullah, Muhammad 91985 0aMuhammad Rasulullah /cMuhammad Hamidullah bHyderadad-Deccan,c1974. a197p aIslamic History cBK2ddch297.63iHAM/Mk297.63mHAM/M